| 000 | 00482pab a2200181 454500 | ||
|---|---|---|---|
| 008 | 180718b1981 xxu||||| |||| 00| 0 eng d | ||
| 100 | _aSimha, D. Ajitha | ||
| 245 | _aRevision of town planning rules, development control rules and building byelaws of local bodies | ||
| 260 | _c1981 | ||
| 300 | _ap.72-78. | ||
| 362 | _aJan-Mar | ||
| 650 | _aBuilding standards | ||
| 650 | _aUrban planning | ||
| 700 | _aV. Suresh | ||
| 773 | _aNagarlok | ||
| 908 | _aN | ||
| 909 | _a101924 | ||
| 999 |
_c101922 _d101922 |
||